Strategies for river basin management : (Record no. 13713)

MARC details
000 -LEADER
fixed length control field 01136nam a2200313 4500
001 - CONTROL NUMBER
control field 000
005 - DATE AND TIME OF LATEST TRANSACTION
control field 20170720141231.0
006 - FIXED-LENGTH DATA ELEMENTS--ADDITIONAL MATERIAL CHARACTERISTICS--GENERAL INFORMATION
fixed length control field 000
007 - PHYSICAL DESCRIPTION FIXED FIELD--GENERAL INFORMATION
fixed length control field 000
008 - FIXED-LENGTH DATA ELEMENTS--GENERAL INFORMATION
fixed length control field 000
010 ## - LIBRARY OF CONGRESS CONTROL NUMBER
LC control number 85018293
020 ## - INTERNATIONAL STANDARD BOOK NUMBER
International Standard Book Number 9027721114 :
Terms of availability $52.50 (est.)
040 ## - CATALOGING SOURCE
Original cataloging agency UOEL
Transcribing agency DLC
Modifying agency DLC
050 00 - LIBRARY OF CONGRESS CALL NUMBER
Classification number TC409
Item number .S776 1985
082 00 - DEWEY DECIMAL CLASSIFICATION NUMBER
Classification number 333.91/15
Edition number 19
245 00 - TITLE STATEMENT
Title Strategies for river basin management :
Remainder of title environmental integration of land and water in a river basin /
Statement of responsibility, etc edited by Jan Lundqvist, Ulrik Lohm, Malin Falkenmark.
260 ## - PUBLICATION, DISTRIBUTION, ETC. (IMPRINT)
Place of publication, distribution, etc Dordrecht ;
-- Boston :
Name of publisher, distributor, etc D. Reidel Pub. Co. ;
Place of publication, distribution, etc Hingham, MA, U.S.A. :
Name of publisher, distributor, etc Sold and distributed in the U.S.A. and Canada by Kluwer Academic Publishers,
Date of publication, distribution, etc c1985.
300 ## - PHYSICAL DESCRIPTION
Extent 346 p. :
Other physical details ill. ;
Dimensions 25 cm.
440 #4 - SERIES STATEMENT/ADDED ENTRY--TITLE
Title The GeoJournal library
504 ## - BIBLIOGRAPHY, ETC. NOTE
Bibliography, etc Includes bibliographies.
650 #0 - SUBJECT ADDED ENTRY--TOPICAL TERM
Topical term or geographic name as entry element Watershed management.
Topical term or geographic name as entry element Water resources development
General subdivision Environmental aspects.
Topical term or geographic name as entry element Land use
General subdivision Environmental aspects.
700 1# - ADDED ENTRY--PERSONAL NAME
Personal name Lundqvist, Jan,
Dates associated with a name 1942-
Personal name Lohm, Ulrik,
Dates associated with a name 1943-
Personal name Falkenmark, Malin,
Dates associated with a name 1925-
906 ## - LOCAL DATA ELEMENT F, LDF (RLIN)
a 7
b cbc
c orignew
d 1
e ocip
f 19
g y-gencatlg
942 ## - ADDED ENTRY ELEMENTS (KOHA)
Source of classification or shelving scheme Library of Congress Classification
Item type SES Book
Holdings
Withdrawn status Lost status Source of classification or shelving scheme Damaged status Not for loan Home library Current library Shelving location Date acquired Total Checkouts Full call number Barcode Date last seen Copy number Price effective from Koha item type
    Library of Congress Classification     UOE Main Library UOE Main Library Open shelf 20/07/2017   TC409 .S776 1985 10035796 20/07/2017 10035796 20/07/2017 SES Book